000 00576nam a22001697a 4500
005 20211115102655.0
037 _aBC_339 54/1
040 _aBC-ENSA
_bfre
041 _afre
110 _aMinistère de l'agriculture et de la réforme agraire
245 _aDépartement céréales
_bprogramme annuel de recherche campagne 1972 1973
_nVol. 1
_pgénétique et pathologie
260 _aAlger
_bCentre national de recherche agronomique
_c1973
300 _bill.
_c27 cm
562 _e01 exemplaire(s)
653 _aCÉRÉALE/AMÉLIORATION GÉNÉTIQUE/SEMENCE/ALGÉRIE
942 _c09
999 _c33901
_d61899